[Event "GER-ch"]
[Site "Binz"]
[Date "1994.??.??"]
[Round "4"]
[White "Enders, Peter"]
[Black "Mainka, Romuald"]
[Result "1-0"]
[WhiteElo "2450"]
[BlackElo "2485"]

1.e4 e5 2.Nf3 Nc6 3.Bb5 a6 4.Ba4 Nf6 5.O-O b5 6.Bb3 Bb7 7.Re1 Bc5 8.c3 d6
9.d4 Bb6 10.Be3 O-O 11.Nbd2 exd4 12.cxd4 Nb4 13.Qb1 c5 14.a3 Nc6 15.d5 Ne5
16.Nxe5 dxe5 17.Bd1 c4 18.Qc2 Rc8 19.h3 Bxe3 20.Rxe3 Qb6 21.Bg4 Rc7 22.Rae1 Qd6
23.Rc1 h5 24.Be2 Rfc8 25.Qc3 g6 26.Rg3 Re7 27.Qa5 h4 28.Re3 Bxd5 29.exd5 Nxd5
30.Rd3 Qe6 31.Rxc4 bxc4 32.Rxd5 Rd7 33.Rxd7 Qxd7 34.Nxc4 e4 35.Qxa6  1-0

[Event "Budapest Spring op"]
[Site "Budapest"]
[Date "1994.??.??"]
[Round "5"]
[White "Varga, Zoltan"]
[Black "Sivokho, Sergey"]
[Result "1/2-1/2"]
[WhiteElo "2470"]
[BlackElo "2360"]

1.e4 e5 2.Nf3 Nc6 3.Bb5 a6 4.Ba4 Nf6 5.O-O b5 6.Bb3 Bb7 7.Re1 Bc5 8.c3 d6
9.d4 Bb6 10.a4 Qe7 11.axb5 axb5 12.Rxa8+ Bxa8 13.Nh4 g6 14.Nf3 h6 15.Qd3 Kf8
16.Na3 Na7 17.d5 c6 18.dxc6  1/2-1/2

[Event "Budapest FS10 IM-A"]
[Site "Budapest"]
[Date "1994.??.??"]
[Round "6"]
[White "Parkanyi, Attila"]
[Black "Allen, Andrew"]
[Result "0-1"]
[WhiteElo "2340"]
[BlackElo "2275"]

1.e4 e5 2.Nf3 Nc6 3.Bb5 a6 4.Ba4 Nf6 5.O-O b5 6.Bb3 Bb7 7.d4 Nxd4 8.Bxf7+ Kxf7
9.Nxe5+ Kg8 10.Qxd4 d6 11.Nf3 Bxe4 12.Qd1 Be7 13.Nc3 Bb7 14.Re1 Qd7 15.Bg5 h6
16.Bh4 Kh7 17.Qd3+ g6 18.Re3 Rae8 19.Bg3 Nh5 20.Nd5 Bxd5 21.Qxd5 Bf6 22.Rxe8 Rxe8
23.c3 Re2 24.Re1 Rxb2 25.Nd4 Bxd4 26.Qxd4 Qg7 27.Qd3 Rxa2 28.f4 Qf7 29.f5 gxf5
30.Bh4 Rxg2+ 31.Kh1 Rg7 32.Qf3 c5 33.Be7 Qg6 34.Bf8 Qg4 35.Qf2 Rf7 36.Bxd6 Nf6
37.Be5 Ne4 38.Qe3 Re7 39.Rg1 Qh4 40.Bg3 Nxg3+  0-1

[Event "Budapest FS04 IM-B"]
[Site "Budapest"]
[Date "1994.??.??"]
[Round "8"]
[White "Rajcsanyi, Zita"]
[Black "Vujosevic, Vladimir"]
[Result "1-0"]
[WhiteElo "2260"]
[BlackElo "2350"]

1.e4 e5 2.Nf3 Nc6 3.Bb5 a6 4.Ba4 Nf6 5.O-O b5 6.Bb3 Bb7 7.c3 Be7 8.d4 d6
9.Nbd2 O-O 10.Re1 exd4 11.cxd4 Nb4 12.Qe2 c5 13.a3 Nc6 14.e5 dxe5 15.dxe5 Nd5
16.Ne4 c4 17.Bc2 Nc7 18.Bg5 Ne6 19.Nf6+ Bxf6 20.Bxf6 gxf6 21.Qe4 f5 22.Qxf5 Re8
23.Qxh7+ Kf8 24.Rad1 Qc7 25.Nh4 Ne7 26.Qh6+  1-0

[Event "Budapest FS12 IM"]
[Site "Budapest"]
[Date "1994.??.??"]
[Round "11"]
[White "Ciric, Dragoljub M"]
[Black "Zimmerman, Yuri"]
[Result "1/2-1/2"]
[WhiteElo "2365"]
[BlackElo "2320"]

1.e4 e5 2.Nf3 Nc6 3.Bb5 a6 4.Ba4 Nf6 5.O-O b5 6.Bb3 Bb7 7.d3 Be7 8.a4 b4
9.Nbd2 O-O 10.Nc4 d6 11.a5  1/2-1/2

[Event "Calcutta op2"]
[Site "Calcutta"]
[Date "1994.??.??"]
[Round "?"]
[White "Meetei, AB."]
[Black "Babu, N Sudhakar"]
[Result "0-1"]
[WhiteElo "2290"]
[BlackElo "2350"]

1.e4 e5 2.Nf3 Nc6 3.Bb5 a6 4.Ba4 Nf6 5.O-O b5 6.Bb3 Bb7 7.Re1 Bc5 8.c3 d6
9.d4 Bb6 10.a4 h6 11.h3 O-O 12.d5 Ne7 13.Bc2 Qd7 14.a5 Ba7 15.b3 c6 16.c4 cxd5
17.cxd5 Ng6 18.Bd3 Nh5 19.Nh4 Nhf4 20.Nf5 Ne7 21.Nxe7+ Qxe7 22.Bf1 f5 23.Be3 fxe4
24.Bxa7 Rxa7 25.Nc3 Qf7 26.Qd2 Bxd5 27.g3 Nd3 28.Re3 Ba8 29.Nxe4 Bxe4 30.Bxd3 Ba8
31.Rd1 Rd7 32.b4 Kh8 33.h4 Qf6 34.Qb2 Qe6 35.Bf1 Bf3 36.Rdd3 e4 37.Rd2 d5
38.Kh2 Rc7 39.Qd4 Rc1 40.Bg2 Bxg2 41.Kxg2 Rc4 42.Qb6 Qe5 43.Qb7 Rd4 44.Ree2 Rxd2
45.Rxd2 d4 46.Qxa6 e3 47.fxe3 dxe3 48.Re2 Qe4+ 49.Kh2 Rf1  0-1

[Event "Bohemia"]
[Site "Chrudim"]
[Date "1994.??.??"]
[Round "7"]
[White "Rajcsanyi, Zita"]
[Black "Misanovic, Vesna"]
[Result "0-1"]
[WhiteElo "2260"]
[BlackElo "2340"]

1.e4 e5 2.Nf3 Nc6 3.Bb5 a6 4.Ba4 Nf6 5.O-O b5 6.Bb3 Bb7 7.d3 Bd6 8.c3 O-O
9.Nbd2 Re8 10.Re1 h6 11.Bc2 Bf8 12.d4 d6 13.a3 Nb8 14.b4 Nbd7 15.Bb2 Nb6
16.dxe5 dxe5 17.c4 bxc4 18.Nxe5 c5 19.Bc3 cxb4 20.axb4 Qc7 21.Nef3 Rad8 22.Qb1 Nh5
23.Re3 Nf4 24.Ra5 Ne6 25.Nf1 Bd6 26.Ng3 Bf4 27.Re1 Ng5 28.Nxg5 hxg5 29.Qb2 Bd2
30.Re2 Bxc3 31.Qxc3 f6 32.Rc5 Qf4 33.h3 Qc1+ 34.Kh2 Rd3 35.Qe1 Qxe1 36.Rxe1 Rd2
37.Re2 Rxe2 38.Nxe2 Bxe4 39.Bxe4 Rxe4 40.Nc3 Re6 41.Nd5 Nxd5 42.Rxd5 Rc6
43.Kg3 c3 44.Rd1 c2 45.Rc1 Rc3+ 46.f3 Kf7 47.Kf2 Ke6 48.Ke2 Kd5  0-1

[Event "Copenhagen op16"]
[Site "Copenhagen"]
[Date "1994.??.??"]
[Round "7"]
[White "Pioch, Thomas"]
[Black "Furhoff, Johan"]
[Result "0-1"]
[WhiteElo "2165"]
[BlackElo "2320"]

1.e4 e5 2.Nf3 Nc6 3.Bb5 a6 4.Ba4 Nf6 5.O-O b5 6.Bb3 Bb7 7.d3 Bd6 8.c3 O-O
9.Re1 Na5 10.Bc2 Re8 11.b4 Nc6 12.a4 Bf8 13.Bg5 h6 14.axb5 axb5 15.Rxa8 Bxa8
16.Bxf6 Qxf6 17.Na3 Na7 18.d4 exd4 19.Qxd4 Qa6 20.Ra1 d6 21.h3 c5 22.Qd1 Qb6
23.Nd2 g6 24.Qf3 Nc6 25.bxc5 dxc5 26.Rb1 b4 27.Nac4 Qc7 28.Ba4 Rd8 29.Kh1 bxc3
30.Qxc3 Bg7 31.Qe3 Nb4 32.Bb3 Rd3 33.Qe2 Qd8 34.Nf3 Qe7 35.e5 Bxf3 36.gxf3 Qh4
37.Nd6 Qxh3+ 38.Kg1 Rxf3 39.Bxf7+ Rxf7 40.Qc4 Qd7 41.Re1 Bf8 42.Nxf7 Qxf7
43.e6 Qe7 44.Rd1 Nc6 45.Rd7 Qg5+ 46.Kf1 Ne5 47.f4 Qh4 48.Qd5 Qxf4+ 49.Ke2 Qg4+
50.Kf1 Qf5+ 51.Kg2 Nxd7  0-1

[Event "CZE-chT"]
[Site "?"]
[Date "1994.??.??"]
[Round "?"]
[White "Divis, Josef"]
[Black "Gross, Stefan"]
[Result "0-1"]
[WhiteElo "2305"]
[BlackElo "2370"]

1.e4 e5 2.Nf3 Nc6 3.Bb5 a6 4.Ba4 Nf6 5.O-O b5 6.Bb3 Bb7 7.Re1 Bc5 8.c3 d6
9.d4 Bb6 10.a4 h6 11.d5 Ne7 12.axb5 axb5 13.Rxa8 Bxa8 14.Be3 Bxe3 15.Rxe3 Ng6
16.Na3 c6 17.dxc6 Bxc6 18.Bd5 Bxd5 19.exd5 Ng4 20.Re1 Qb6 21.Qd4 Qxd4 22.Nxd4 Kd7
23.Ndxb5 Rb8 24.f3 Nf6 25.c4 Nf4 26.Re3 g5 27.b3 g4 28.fxg4 Nxg4 29.Rf3 f5
30.h3 Ne2+ 31.Kf1 e4 32.Kxe2 exf3+ 33.Kxf3 Ne5+ 34.Kf4 Rg8 35.g3 Nd3+ 36.Kf3 Rf8
37.Nd4 h5 38.Ke3 f4+ 39.Kxd3 fxg3 40.Ne2 g2 41.Nc2 Rf1 42.Ne3 g1=Q 43.Nxg1 Rxg1
44.h4 Rb1 45.Ke4 Rxb3 46.Nf5 Rb8 47.Ng7 Rc8 48.Kd4 Rh8 49.Ke4 Rc8 50.Kd4 Rg8
51.Nxh5 Rg4+ 52.Ke3 Ke7 53.Nf4 Kf6 54.Ke4 Rxh4 55.c5 dxc5 56.d6 Kg5 57.Kd5 Rxf4
58.Kxc5 Kf6 59.d7 Ke7  0-1

[Event "CZE-chT"]
[Site "?"]
[Date "1994.??.??"]
[Round "?"]
[White "Prandstetter, Eduard"]
[Black "Gross, David"]
[Result "0-1"]
[WhiteElo "2380"]
[BlackElo "2375"]

1.e4 e5 2.Nf3 Nc6 3.Bb5 a6 4.Ba4 Nf6 5.O-O b5 6.Bb3 Bb7 7.d3 Bc5 8.c4 b4
9.Ba4 Qe7 10.Bg5 h6 11.Bh4 Nd4 12.Nbd2 O-O-O 13.a3 g5 14.Bg3 d6 15.Nxd4 Bxd4
16.axb4 h5 17.h4 Rdg8 18.Nf3 gxh4 19.Bxh4 Rg4 20.Kh1 Rhg8 21.g3 Qe6 22.Nh2 Rxh4
23.gxh4 Nxe4 24.dxe4 Bxe4+ 25.f3 Qh3 26.Qd2 Be3 27.Rad1 Bd3 28.Rfe1 Bxd2
29.Rxd2 Qg3 30.Ra1 e4 31.Bc6 e3  0-1

[Event "RUS-ch"]
[Site "Elista"]
[Date "1994.??.??"]
[Round "8"]
[White "Aseev, Konstantin N"]
[Black "Ivanov, Victor L"]
[Result "1-0"]
[WhiteElo "2540"]
[BlackElo "2385"]

1.e4 e5 2.Nf3 Nc6 3.Bb5 a6 4.Ba4 Nf6 5.O-O b5 6.Bb3 Bb7 7.Re1 Bc5 8.c3 d6
9.d4 Bb6 10.Be3 O-O 11.Nbd2 h6 12.h3 exd4 13.cxd4 Nb4 14.d5 Nd3 15.Re2 c5
16.Bc2 Nb4 17.Bb1 Re8 18.a3 Nbxd5 19.exd5 Nxd5 20.Qc2 g6 21.Ba2 c4 22.Bxb6 Qxb6
23.Ne4 Re6 24.Qd2 Ne7 25.Rae1 Nf5 26.Bb1 d5 27.Nc3 d4 28.Rxe6 fxe6 29.Bxf5 dxc3
30.Qxh6 exf5 31.Ng5 Qc7 32.Re6  1-0

[Event "Eupen op act"]
[Site "Eupen"]
[Date "1994.??.??"]
[Round "7"]
[White "Kupreichik, Viktor D"]
[Black "Mainka, Romuald"]
[Result "1-0"]
[WhiteElo "2515"]
[BlackElo "2480"]

1.e4 e5 2.Nf3 Nc6 3.Bb5 a6 4.Ba4 Nf6 5.O-O b5 6.Bb3 Bb7 7.d3 Be7 8.a4 O-O
9.Re1 d6 10.c3 Qd7 11.Na3 Nd8 12.d4 exd4 13.e5 Ne4 14.cxd4 d5 15.Nc2 Ne6
16.Ne3 c5 17.axb5 axb5 18.Rxa8 Rxa8 19.Nxd5 Bxd5 20.dxc5 Rd8 21.Qxd5 Qxd5
22.Bxd5 Rxd5 23.Rxe4 Rxc5 24.Bd2 Rc2 25.b4 h6 26.Kf1 g5 27.Ke1 Ra2 28.g3 Kh7
29.Nd4 Ra1+ 30.Ke2 Rh1 31.Nxb5 f5  1-0

[Event "Eupen op act"]
[Site "Eupen"]
[Date "1994.??.??"]
[Round "7"]
[White "Kovalev, Andrei"]
[Black "Rausis, Igors"]
[Result "1-0"]
[WhiteElo "2530"]
[BlackElo "2495"]

1.e4 e5 2.Nf3 Nc6 3.Bb5 a6 4.Ba4 Nf6 5.O-O b5 6.Bb3 Bb7 7.d3 Be7 8.c3 O-O
9.Re1 d6 10.Nbd2 Na5 11.Bc2 c5 12.Nf1 Re8 13.Ng3 Bf8 14.Bg5 h6 15.Bd2 Qc7
16.Nh4 d5 17.Qf3 dxe4 18.dxe4 Re6 19.Nhf5 Nc4 20.Bc1 Nd6 21.Nxd6 Rxd6 22.Nf5 Re6
23.a4 Kh7 24.b3 g6 25.Ne3 Rd8 26.c4 Bg7 27.Nd5 Nxd5 28.cxd5 Rf6 29.Qe2 c4
30.bxc4 bxc4 31.Be3 a5 32.Rec1 Ba6 33.f3 Bf8 34.Qf2 Rb8 35.Bd1 Rfb6 36.Bxb6 Rxb6
37.Kh1 Bc5 38.Qd2 Rb4 39.Be2 Qb6 40.Rc2 Bd4 41.Rf1 Rxa4 42.f4 Be3 43.Qd1 exf4
44.d6 Rb4 45.Qd5 Kg8 46.Qa8+ Kg7 47.d7 Bb7 48.Qe8 Bc6 49.Rxc4 Qb5 50.Rxb4 Qxe2
51.Rbb1 Bf2 52.Qe5+  1-0

[Event "Finkenstein op"]
[Site "Finkenstein"]
[Date "1994.??.??"]
[Round "?"]
[White "Leopoldseder, S."]
[Black "Petek, Pavel"]
[Result "0-1"]
[WhiteElo "1890"]
[BlackElo "2075"]

1.e4 e5 2.Nf3 Nc6 3.Bb5 a6 4.Ba4 Nf6 5.O-O b5 6.Bb3 Bb7 7.Re1 Bc5 8.c3 d6
9.d4 Bb6 10.Bg5 h6 11.Bh4 g5 12.Bg3 O-O 13.dxe5 Nxe5 14.Nxe5 dxe5 15.Nd2 Qe7
16.Qf3 Rad8 17.Rad1 Bc8 18.Qe2 h5 19.h4 Bg4 20.Nf3 Nh7 21.Kh1 Rxd1 22.Rxd1 gxh4
23.Bh2 Ng5 24.Rd5 h3 25.Rxe5 hxg2+ 26.Kxg2 Qxe5 27.Bxe5 Bxf3+ 28.Qxf3 Nxf3
29.Kxf3 Rd8 30.Ke2 c5 31.Bd5 a5 32.c4 b4 33.Kf3 Rd7 34.Kg3 Kh7 35.Kh4 Kg6
36.f4 Bd8+ 37.Kg3 Bf6 38.f5+ Kg7 39.Bxf6+ Kxf6 40.Kf4 Re7 41.Bc6 h4 42.Kg4 Ke5
43.Kxh4 f6 44.Kg4 Rg7+ 45.Kf3 Rg1 46.a3 Rb1  0-1

[Event "Garmisch"]
[Site "Garmisch"]
[Date "1994.??.??"]
[Round "12"]
[White "Kindermann, Stefan"]
[Black "Lobron, Eric"]
[Result "1/2-1/2"]
[WhiteElo "2560"]
[BlackElo "2580"]

1.e4 e5 2.Nf3 Nc6 3.Bb5 a6 4.Ba4 Nf6 5.O-O b5 6.Bb3 Bb7 7.d3 Bc5 8.a4 O-O
9.Bg5 h6 10.Bh4 g5 11.Bg3 d6 12.Nc3 b4 13.Nd5 Nd4 14.Nxd4 Bxd4 15.Nxf6+ Qxf6
16.Qc1 Kh8 17.c3 bxc3 18.bxc3 Ba7 19.Kh1 Qg7 20.Rb1 Bc6 21.Bc2 h5 22.f3 h4
23.Bf2 Bxf2 24.Rxf2 f5 25.exf5 Rxf5 26.d4 Rf4 27.dxe5 Qxe5 28.Qd2 Re8 29.Qd3 Be4
30.Qxa6 Bxc2 31.Rxc2 Qe1+ 32.Qf1 Qxf1+ 33.Rxf1 Rxa4 34.c4 Re5 35.Kg1 Kg7
36.Rd1 Kf6 37.Kf2 Rc5 38.Rd4 Ke5 39.Re4+ Kf5 40.Rd4 Re5 41.g3 hxg3+ 42.hxg3 Ra3
43.g4+ Ke6  1/2-1/2

[Event "Arnold Cup"]
[Site "Gausdal"]
[Date "1994.??.??"]
[Round "5"]
[White "Kindermann, Stefan"]
[Black "Sepp, Olav"]
[Result "1-0"]
[WhiteElo "2535"]
[BlackElo "2485"]

1.e4 e5 2.Nf3 Nc6 3.Bb5 a6 4.Ba4 Nf6 5.O-O b5 6.Bb3 Bb7 7.d3 Bd6 8.a4 O-O
9.Bg5 h6 10.Bh4 Be7 11.Nc3 b4 12.Bxf6 Bxf6 13.Nd5 a5 14.c3 bxc3 15.bxc3 d6
16.Rb1 Rb8 17.Bc4 Na7 18.Qc2 Bxd5 19.Bxd5 Qd7 20.Rxb8 Rxb8 21.Rb1 Rd8 22.Qb3 Kf8
23.h3 g6 24.h4 Kg7 25.g3 g5 26.h5 Nc8 27.Qb5 Nb6 28.Qxd7 Rxd7 29.Bc6 Rd8
30.c4 Kf8 31.Nh2 g4 32.Nxg4 Bg5 33.Kf1 Ke7 34.Ke2 Rg8 35.Nh2 Bf6 36.Nf3 Bg5
37.Ne1 Bf6 38.Nc2 Rg5 39.Rb5 Nxa4 40.Rb8  1-0

[Event "Bundesliga 9394"]
[Site "Germany"]
[Date "1994.??.??"]
[Round "?"]
[White "Seger, Ruediger"]
[Black "Mainka, Romuald"]
[Result "0-1"]
[WhiteElo "2355"]
[BlackElo "2515"]

1.e4 e5 2.Nf3 Nc6 3.Bb5 a6 4.Ba4 Nf6 5.O-O b5 6.Bb3 Bb7 7.Re1 Bc5 8.c3 d6
9.d4 Bb6 10.Bg5 h6 11.Bh4 g5 12.Bg3 Qd7 13.a4 O-O-O 14.axb5 axb5 15.Qd3 exd4
16.Qxb5 Rhe8 17.Nbd2 dxc3 18.bxc3 Ne5 19.Qxd7+ Nfxd7 20.Nd4 Nc5 21.Bd5 Ncd3
22.Re3 Bxd5 23.exd5 Kb7 24.Rb1 Ra8 25.Bxe5 Nxe5 26.Nf5 Ra4 27.h3 Ka6 28.Re2 Nf3+
29.Kf1 Rxe2 30.Kxe2 Nxd2 31.Kxd2 Ra2+ 32.Kd3 Rxf2 33.Nxh6 f6 34.Ng4 Rxg2
35.Nxf6 Rg3+ 36.Kc4 Rxh3 37.Ne4 g4 38.Rb2 Re3 39.Nf6 Ba5 40.Rc2 g3  0-1

[Event "BL9394 (Women)"]
[Site "Germany"]
[Date "1994.??.??"]
[Round "?"]
[White "Erneste, Inguna"]
[Black "Olbrich, Marina"]
[Result "1-0"]
[WhiteElo "2300"]
[BlackElo "2290"]

1.e4 e5 2.Nf3 Nc6 3.Bb5 a6 4.Ba4 Nf6 5.O-O b5 6.Bb3 Bb7 7.d3 Be7 8.a4 O-O
9.Re1 d6 10.Bd2 Rb8 11.axb5 axb5 12.Nc3 b4 13.Nd5 Bc8 14.h3 Kh8 15.Qe2 Bd7
16.Ba4 Re8 17.Bxc6 Bxc6 18.Nxb4 Ba8 19.b3 Bf8 20.Qd1 Qc8 21.c4 c6 22.Na2 d5
23.Bg5 Nd7 24.Qc2 f5 25.exf5 Nc5 26.Nxe5 Nxb3 27.Rad1 Qxf5 28.Nf3 Rxe1+ 29.Rxe1 Nc5
30.Nc1 h6 31.Be3 Ne6 32.cxd5 cxd5 33.Nd4 Nxd4 34.Bxd4 Qf7 35.Nb3 Bd6 36.Nd2 Qf4
37.Nf3 Qf7 38.Qe2 Bc6 39.Qe6 Qxe6 40.Rxe6 Rd8 41.Rxh6+ Kg8 42.Rg6 Kf7 43.Rxg7+  1-0

[Event "Guines"]
[Site "Guines"]
[Date "1994.??.??"]
[Round "8"]
[White "Salem, Ihab"]
[Black "Lugo, Blas"]
[Result "0-1"]
[WhiteElo "2055"]
[BlackElo "2380"]

1.e4 e5 2.Nf3 Nc6 3.Bb5 a6 4.Ba4 Nf6 5.O-O b5 6.Bb3 Bb7 7.Re1 Bc5 8.c3 d6
9.d4 Bb6 10.Bg5 h6 11.Bh4 Qd7 12.a4 O-O-O 13.axb5 axb5 14.Na3 g5 15.Bg3 h5
16.h4 gxh4 17.Bxh4 Rh6 18.Nxb5 Rg8 19.Bd5 Rhg6 20.Bg3 Nxd5 21.exd5 Ne7 22.Rxe5 dxe5
23.Na7+ Bxa7 24.Rxa7 Qxd5  0-1

[Event "Hamburg-ch"]
[Site "Hamburg"]
[Date "1994.??.??"]
[Round "5"]
[White "Von Buelow, Georg"]
[Black "Stelting, Thorsten"]
[Result "1-0"]
[WhiteElo "2355"]
[BlackElo "2285"]

1.e4 e5 2.Nf3 Nc6 3.Bb5 a6 4.Ba4 Nf6 5.O-O b5 6.Bb3 Bb7 7.c3 Be7 8.Re1 O-O
9.d4 d6 10.Nbd2 Nd7 11.Nf1 Na5 12.Bc2 Nc4 13.b3 Ncb6 14.Ng3 g6 15.Bh6 Re8
16.Qd2 Bf8 17.Rad1 Qe7 18.Bxf8 Nxf8 19.Qh6 f6 20.Rd3 Ne6 21.Qc1 Nf4 22.Rde3 Bc8
23.Ne2 Nxe2+ 24.R1xe2 a5 25.Bd3 Bd7 26.Rc2 a4 27.c4 axb3 28.axb3 bxc4 29.Bxc4+ Nxc4
30.Rxc4 exd4 31.Nxd4 c5 32.Ne2 Be6 33.Ra4 Rab8 34.Qa3 Qb7 35.Nc1 Ra8 36.Qa1 Rxa4
37.bxa4 Qb4 38.h4 Bf7 39.Qxf6 Rxe4 40.Rf3 Qe1+ 41.Kh2 Re7 42.Qxd6 Qe5+ 43.Qxe5 Rxe5
44.Re3 Rh5 45.Kg3 g5 46.hxg5 Rxg5+ 47.Kh3 h5 48.Rg3 Rxg3+ 49.Kxg3 Bc4 50.Kh4 Kg7
51.Kxh5 Kf6 52.Kg4 Ke5 53.a5 Kd4 54.Kf4 Bf1 55.g4 Kc3 56.Ke3 c4 57.a6 Kb2  1-0

[Event "Havana op"]
[Site "Havana"]
[Date "1994.??.??"]
[Round "5"]
[White "Zapata, Alonso"]
[Black "Lugo, Blas"]
[Result "1-0"]
[WhiteElo "2535"]
[BlackElo "2380"]

1.e4 e5 2.Nf3 Nc6 3.Bb5 a6 4.Ba4 Nf6 5.O-O b5 6.Bb3 Bb7 7.d3 g6 8.Ng5 d5
9.f4 exf4 10.Bxf4 Bc5+ 11.Kh1 O-O 12.Nc3 Nd4 13.Nxd5 Nxd5 14.Bxd5 Bxd5 15.exd5 Qxd5
16.Ne4 f5 17.Nxc5 Qxc5 18.c3 Ne6 19.Qb3 Rfe8 20.Rae1 Kf7 21.g4 Qc6+ 22.Kg1 Kg7
23.Be5+ Kh6 24.Qd1 f4 25.d4 Rf8 26.Rf2 Qd5 27.h4 g5 28.Qd3 f3 29.hxg5+ Kxg5
30.Qxh7 Kxg4 31.Re4+ Kg5 32.Rh4  1-0

[Event "HUN-chT 9394"]
[Site "?"]
[Date "1994.??.??"]
[Round "?"]
[White "Csoke, Krisztian"]
[Black "Blasovszky, Istvan"]
[Result "1/2-1/2"]
[WhiteElo "2300"]
[BlackElo "2220"]

1.e4 e5 2.Nf3 Nc6 3.Bb5 a6 4.Ba4 Nf6 5.O-O b5 6.Bb3 Bb7 7.Re1 Bc5 8.c3 d6
9.h3 O-O 10.d4 Bb6 11.Bg5 h6 12.Bh4 g5 13.Bg3 Re8 14.d5 Ne7 15.Nbd2 Ng6 16.Nf1 Nf4
17.Bc2 N6h5 18.N3h2 Bc8 19.Ng4 Kh7 20.Nfe3 Ng7 21.Nf5 Nxf5 22.exf5 f6 23.Nh2 Rg8
24.Qf3 Qf8 25.a4 Bb7 26.Be4 Qf7 27.Red1 Rg7 28.Kh1 Rag8 29.Rd2 Rf8 30.Qd1 Qe8
31.a5 Ba7 32.Qf3 Qf7 33.Re1 Qh5 34.Ng4 Qf7 35.Nh2 Kh8 36.Qd1 h5 37.Bf3 Rh7
38.b3 Bc8 39.Be4 Rg8 40.Bxf4 gxf4 41.Nf3 h4 42.Qc2  1/2-1/2

[Event "Heart of Finland op 4th"]
[Site "Jyvaskyla"]
[Date "1994.??.??"]
[Round "?"]
[White "Tuomala, T."]
[Black "Rause, Olita"]
[Result "1-0"]
[WhiteElo "2225"]
[BlackElo "2360"]

1.e4 e5 2.Nf3 Nc6 3.Bb5 a6 4.Ba4 Nf6 5.O-O b5 6.Bb3 Bb7 7.c3 Be7 8.Re1 O-O
9.d4 d6 10.Nbd2 exd4 11.cxd4 Nb4 12.Qe2 c5 13.a3 Nc6 14.d5 Ne5 15.Nxe5 dxe5
16.Nf3 Nd7 17.Bd2 Re8 18.Rad1 Bd6 19.Bg5 f6 20.Bc1 Nf8 21.Nh4 Bc8 22.Qf3 c4
23.Bc2 Bc5 24.Be3 Qb6 25.Rc1 Bd7 26.Qg3 Kh8 27.Kh1 Rac8 28.Bd1 Bxe3 29.Rxe3 Qd4
30.Bg4 Qxb2 31.Rec3 Bxg4 32.Qxg4 Qxf2 33.Nf5 Rc7 34.h4 Qf4 35.Qe2 g6 36.g3 Qxc1+
37.Rxc1 gxf5 38.exf5 Nd7 39.Qh5 Rf8 40.Qh6 Rg8 41.Kh2 Rc5 42.Qd2 Rg4 43.d6 e4
44.Qa5 Rg8 45.Qxa6 Rxf5 46.Qb7 Nc5 47.Qxb5 Rf2+ 48.Kh1 Nd3 49.Qb6 Rf3 50.Rc2 Rfxg3
51.d7 Rh3+ 52.Rh2 Rf3 53.Rg2 Rh3+ 54.Kg1 Rxg2+ 55.Kxg2 Nf4+ 56.Kf2 Rf3+ 57.Ke1 Ng2+
58.Kd2 c3+ 59.Kc1  1-0

[Event "Heart of Finland op 4th"]
[Site "Jyvaskyla"]
[Date "1994.??.??"]
[Round "?"]
[White "Seeman, Tarvo"]
[Black "Volzhin, Alexander"]
[Result "1-0"]
[WhiteElo "2260"]
[BlackElo "2425"]

1.e4 e5 2.Nf3 Nc6 3.Bb5 a6 4.Ba4 Nf6 5.O-O b5 6.Bb3 Bb7 7.d3 Bd6 8.Nc3 O-O
9.Nd5 h6 10.Ne3 Re8 11.Nh4 Na5 12.Nhf5 Bf8 13.f4 Nxb3 14.axb3 exf4 15.Ng4 d5
16.e5 Nxg4 17.Qxg4 g6 18.Nd4 Rxe5 19.Bxf4 Re8 20.Rae1 Bg7 21.c3 c5 22.Nf3 d4
23.c4 bxc4 24.bxc4 Qa5 25.Rxe8+ Rxe8 26.Qd7  1-0

[Event "Karditsa"]
[Site "Karditsa"]
[Date "1994.??.??"]
[Round "3"]
[White "Kotronias, Vasilios"]
[Black "Mozetic, Dejan"]
[Result "1/2-1/2"]
[WhiteElo "2545"]
[BlackElo "2585"]

1.e4 e5 2.Nf3 Nc6 3.Bb5 a6 4.Ba4 Nf6 5.O-O b5 6.Bb3 Bb7 7.c3 Nxe4 8.d4 Na5
9.Bc2 exd4 10.Nxd4 c5 11.Nf5 Qf6 12.Qg4 h5 13.Qf3 d5 14.Nd2 g6 15.Nxe4 dxe4
16.Bxe4 O-O-O 17.Bxb7+ Nxb7 18.Nd4 Qxf3 19.Nxf3 Bg7 20.a4 b4 21.cxb4 cxb4
22.Bd2 a5 23.Rac1+ Kb8 24.Bf4+ Ka7 25.Ne5 Bxe5 26.Bxe5 Rhe8 27.Rfe1 Re6 28.f4 Ka6
29.Kf1 Rd5 30.Rc8 Nc5 31.Ra8+ Kb6 32.Rb8+ Ka6 33.Ra8+ Kb6 34.Rb8+ Ka6 35.Ra8+  1/2-1/2

[Event "Karditsa"]
[Site "Karditsa"]
[Date "1994.??.??"]
[Round "9"]
[White "Pavlovic, Milos"]
[Black "Mozetic, Dejan"]
[Result "1/2-1/2"]
[WhiteElo "2480"]
[BlackElo "2585"]

1.e4 e5 2.Nf3 Nc6 3.Bb5 a6 4.Ba4 Nf6 5.O-O b5 6.Bb3 Bb7 7.d3 Bd6 8.c3 O-O
9.Re1 h6 10.Nbd2 Re8 11.a3 Bf8 12.d4 d6 13.Bc2 Qd7 14.Nf1 Rad8 15.Ng3 d5
16.dxe5 Nxe4 17.Nxe4 dxe4 18.Qxd7 Rxd7 19.Rxe4 Rde7 20.Re1 Nxe5 21.Nxe5 Rxe5
22.Rxe5 Rxe5 23.Be3 Bc5  1/2-1/2

[Event "JUG-ch sf"]
[Site "Kladovo"]
[Date "1994.??.??"]
[Round "?"]
[White "Brenjo, Slavisa"]
[Black "Petronic, Jovan"]
[Result "1/2-1/2"]
[WhiteElo "2400"]
[BlackElo "2465"]

1.e4 e5 2.Nf3 Nc6 3.Bb5 a6 4.Ba4 Nf6 5.O-O b5 6.Bb3 Bb7 7.d3 Be7 8.Nc3 O-O
9.a4 b4 10.Nd5 Na5 11.Ba2 Nxd5 12.Bxd5 Bxd5 13.exd5 d6 14.Re1 c6 15.d4 e4
16.Rxe4 cxd5 17.Re2 Bf6 18.Qd3 b3 19.Qf5 bxc2 20.Qxd5 Qb6 21.Rxc2 Nb3 22.Rb1 Nxd4
23.Nxd4 Bxd4 24.Bf4 Bc5 25.g3 Rab8 26.Kg2 Qb3 27.Qxb3 Rxb3 28.Rd1 Rb4 29.a5 Rb5
30.Rd5 h6 31.Bxd6 Bxd6 32.Rxd6 Rxa5 33.Rcc6 Rb8 34.Rxa6 Rxa6 35.Rxa6 Rxb2  1/2-1/2

[Event "JUG-ch sf"]
[Site "Kladovo"]
[Date "1994.??.??"]
[Round "?"]
[White "Kostic, Jovica"]
[Black "Brkljaca, Ante"]
[Result "0-1"]
[WhiteElo "2415"]
[BlackElo "2355"]

1.e4 e5 2.Nf3 Nc6 3.Bb5 a6 4.Ba4 Nf6 5.O-O b5 6.Bb3 Bb7 7.Ng5 d5 8.exd5 Nd4
9.Re1 Bd6 10.f4 O-O 11.fxe5 Bxe5 12.Rxe5 Nd7 13.Qh5 h6 14.Re3 Nf6 15.Qh4 Nf5
16.Nxf7 Rxf7 17.Qe1 Nxe3 18.dxe3 Bxd5 19.Nc3 Bxb3 20.axb3 b4 21.Ne2 Ne4 22.Nd4 Qg5
23.Qxb4 c5  0-1

[Event "Litomysl op"]
[Site "Litomysl"]
[Date "1994.??.??"]
[Round "?"]
[White "Nosek, F."]
[Black "Petek, Pavel"]
[Result "0-1"]
[WhiteElo "1965"]
[BlackElo "2075"]

1.e4 e5 2.Nf3 Nc6 3.Bb5 a6 4.Ba4 Nf6 5.O-O b5 6.Bb3 Bb7 7.Re1 Bc5 8.c3 d6
9.d4 Bb6 10.Bg5 h6 11.Bh4 g5 12.Bg3 O-O 13.dxe5 Nxe5 14.Nbd2 Nd3 15.Re2 Nh5
16.Qc2 Nhf4 17.Bxf4 Nxf4 18.Ree1 g4 19.Nd4 c5 20.Nf5 c4 21.Nxh6+ Kh8 22.Nxg4 Rg8
23.h3 Qh4 24.Nf1 Nxh3+ 25.gxh3 Qxh3 26.Nh2 Rxg4+ 27.Nxg4 Rg8  0-1

[Event "Ljubljana op"]
[Site "Ljubljana"]
[Date "1994.??.??"]
[Round "?"]
[White "Estrada Nieto, Julian"]
[Black "Petek, Pavel"]
[Result "1-0"]
[WhiteElo "2370"]
[BlackElo "2095"]

1.e4 e5 2.Nf3 Nc6 3.Bb5 a6 4.Ba4 Nf6 5.O-O b5 6.Bb3 Bb7 7.Qe2 Bc5 8.c3 O-O
9.Rd1 Re8 10.d3 h6 11.Nbd2 Na5 12.Bc2 Bb6 13.Nf1 d5 14.Ne3 Bxe3 15.Bxe3 Qe7
16.b4 dxe4 17.dxe4 Nc4 18.Bc5 Qe6 19.Nd2 Nxd2 20.Rxd2 Qc6 21.f3 Nd7 22.Bf2 Qxc3
23.Qd1 Bc8 24.Bb3 Qxb4 25.Bd5 Rb8 26.Bc6 Re7 27.Bxd7 c5 28.Bc6 c4 29.Rb1 Qa5
30.Bc5 Re6 31.Bd5 Re8 32.Ba7 Be6  1-0

[Event "Lloyds Bank op"]
[Site "London"]
[Date "1994.??.??"]
[Round "6"]
[White "Griffiths, Paul"]
[Black "Burke, John S"]
[Result "1-0"]
[WhiteElo "2245"]
[BlackElo "2010"]

1.e4 e5 2.Nf3 Nc6 3.Bb5 a6 4.Ba4 Nf6 5.O-O b5 6.Bb3 Bb7 7.c3 Nxe4 8.d4 exd4
9.Re1 d5 10.Ng5 Ne5 11.cxd4 Nc4 12.Bxc4 bxc4 13.f3 Be7 14.Qa4+ c6 15.fxe4 Bxg5
16.exd5+ Kd7 17.Na3 Bf6 18.Nxc4 Bxd4+ 19.Kh1 Qf6 20.Na5 Rhe8 21.Bd2 Rxe1+
22.Rxe1 Re8 23.Rc1 Bxb2 24.Rb1 Ba8 25.Nxc6 Kc7 26.Bf4+ Kc8 27.Qxa6+ Bb7 28.Na7+ Kd8
29.Qxb7 Re2 30.Nc6+  1-0

[Event "Metz op"]
[Site "Metz"]
[Date "1994.??.??"]
[Round "7"]
[White "Psakhis, Lev"]
[Black "Volzhin, Alexander"]
[Result "1-0"]
[WhiteElo "2585"]
[BlackElo "2410"]

1.e4 e5 2.Nf3 Nc6 3.Bb5 a6 4.Ba4 Nf6 5.O-O b5 6.Bb3 Bb7 7.Re1 Bc5 8.c3 d6
9.d4 Bb6 10.Be3 O-O 11.Nbd2 h6 12.h3 exd4 13.cxd4 Nb4 14.Qb1 c5 15.a3 Nc6
16.e5 dxe5 17.dxc5 Bc7 18.Bc2 Ne7 19.b4 Nfd5 20.Qb2 Qb8 21.Bb3 Ng6 22.Rad1 Ndf4
23.Qc2 Bc6 24.Ne4 Qb7 25.Bxf4 Nxf4 26.g3 Ne6 27.Bxe6 fxe6 28.Nh2 Kh7 29.Ng4 Rf5
30.Nd6 Bxd6 31.Rxd6 e4 32.Rxe6 Raf8 33.Qc3 Qf7 34.Rxc6 Rxf2 35.Rxh6+ Kg8
36.Rf6 Rxf6 37.Nxf6+ Qxf6 38.Qxf6 Rxf6  1-0

[Event "Moscow ol (Women)"]
[Site "Moscow"]
[Date "1994.??.??"]
[Round "2"]
[White "Benschop, Anne Marie"]
[Black "Rause, Olita"]
[Result "0-1"]
[WhiteElo "2195"]
[BlackElo "2360"]

1.e4 e5 2.Nf3 Nc6 3.Bb5 a6 4.Ba4 Nf6 5.O-O b5 6.Bb3 Bb7 7.Re1 Bc5 8.c3 Bb6
9.d4 O-O 10.Bg5 h6 11.Bh4 Re8 12.dxe5 Nxe5 13.Nxe5 Rxe5 14.Nd2 d6 15.Qf3 Qe7
16.Bg3 Rg5 17.Kh1 Re8 18.Bc2 Ng4 19.Qe2 Qd7 20.f4 Rh5 21.Nf3 f5 22.e5 dxe5
23.Nxe5 Rxe5 24.fxe5 f4 25.Bg6 Nf2+ 26.Kg1 Ne4+ 27.Kf1 Nxg3+  0-1